000
00332nam a2200145Ia 4500
008
150201s1999 xx 000 0 und d
082
_a
617.6
_b
I1999M
100
_a
MISCH,CARL.E.
245
_a
IMPLANT DENTISTRY
250
_a
2ND
260
_b
MOSBY
_a
DELHI
_c
1999
300
_a
1-684
650
_a
PROSTHODONTICS
942
_2
ddc
_c
BK
999
_c
3250
_d
3250